| 000 | 00662nam a2200205Ii 4500 | ||
|---|---|---|---|
| 003 | JO-AjNU | ||
| 008 | 230605s9999||||xx |||||||||||||| ||und|| | ||
| 040 |
_aJO-AjNU _bara _erda _cJO-AjNU |
||
| 041 | _aara | ||
| 050 | 1 | 4 | _aBP189 1986 |
| 100 | 3 |
_aنوفل، تاج الدين, _eauthor _935491 |
|
| 245 | 0 | 0 | _aحديقة الأولياء |
| 250 | _aط1 | ||
| 264 | 3 | 1 | _aبيروت- القاهرة: دار ابن زيدون، مكتبة التراث الاسلامي، 1986 |
| 300 | _a222ص | ||
| 336 |
_atext _btxt _2rdacontent |
||
| 337 |
_aunmediated _bn _2rdamedia |
||
| 338 |
_avolume _bnc _2rdacarrier |
||
| 650 | 4 |
_aالتصوف الاسلامي _935492 |
|
| 999 |
_aA14659 _c18227 _d18227 |
||